Operating Systems Concepts (Record no. 7499)
[ view plain ]
| 000 -LEADER | |
|---|---|
| fixed length control field | 00311nam a2200133Ia 4500 |
| 008 - FIXED-LENGTH DATA ELEMENTS--GENERAL INFORMATION | |
| fixed length control field | 191201s2011 xx 000 0 und d |
| 100 ## - MAIN ENTRY--PERSONAL NAME | |
| Personal name | SILBERSCHATZ,Abraham |
| 245 #0 - TITLE STATEMENT | |
| Title | Operating Systems Concepts |
| 250 ## - EDITION STATEMENT | |
| Edition statement | Rep |
| 260 ## - PUBLICATION, DISTRIBUTION, ETC. (IMPRINT) | |
| Date of publication, distribution, etc | 2011 |
| Name of publisher, distributor, etc | W.India |
| Place of publication, distribution, etc | N.Delhi |
| 300 ## - PHYSICAL DESCRIPTION | |
| Extent | 972 |
| 650 ## - SUBJECT ADDED ENTRY--TOPICAL TERM | |
| Topical term or geographic name as entry element | IT |
| 942 ## - ADDED ENTRY ELEMENTS (KOHA) | |
| Source of classification or shelving scheme | Dewey Decimal Classification |
| Koha item type | Book Bank |
| 942 ## - ADDED ENTRY ELEMENTS (KOHA) | |
| -- | 2 |
| Withdrawn status | Lost status | Source of classification or shelving scheme | Damaged status | Not for loan | Collection code | Home library | Current library | Date acquired | Source of acquisition | Cost, normal purchase price | Bill Number | Total Checkouts | Acc. no. / Barcode | Date last seen | Date last borrowed | Bill Date | Koha item type |
|---|---|---|---|---|---|---|---|---|---|---|---|---|---|---|---|---|---|
| Dewey Decimal Classification | B.Tech(IT) | PIET C-LIBRARY | PIET C-LIBRARY | 14/10/2011 | Valley Book House | 499.00 | 192 | 1 | BB7796 | 22/10/2020 | 18/02/2020 | 14/10/2011 | Book Bank | ||||
| Dewey Decimal Classification | B.Tech(IT) | PIET C-LIBRARY | PIET C-LIBRARY | 14/10/2011 | Valley Book House | 499.00 | 192 | BB7797 | 04/12/2019 | 14/10/2011 | Book Bank | ||||||
| Dewey Decimal Classification | B.Tech(IT) | PIET C-LIBRARY | PIET C-LIBRARY | 14/10/2011 | Valley Book House | 499.00 | 192 | 2 | BB7798 | 26/07/2023 | 13/04/2023 | 14/10/2011 | Book Bank | ||||
| Dewey Decimal Classification | B.Tech(IT) | PIET C-LIBRARY | PIET C-LIBRARY | 14/10/2011 | Valley Book House | 499.00 | 192 | BB7799 | 04/12/2019 | 14/10/2011 | Book Bank | ||||||
| Dewey Decimal Classification | B.Tech(IT) | PIET C-LIBRARY | PIET C-LIBRARY | 14/10/2011 | Valley Book House | 499.00 | 192 | 1 | BB7800 | 26/07/2023 | 13/04/2023 | 14/10/2011 | Book Bank |